[Event "Natal CBX Circuit 4th"]
[Site "Natal"]
[Date "2016.01.28"]
[Round "2"]
[White "Hungaski, Robert Andrew"]
[Black "Fernando, Diogo"]
[Result "1-0"]
[WhiteElo "2478"]
[BlackElo "2475"]
[PlyCount "115"]
[EventDate "2016.01.27"]
[EventType "tourn"]
[EventRounds "9"]
[EventCountry "BRA"]
[EventCategory "7"]
[SourceTitle "CBM 170 Extra"]
[Source "ChessBase"]
[SourceDate "2016.02.25"]
[SourceVersion "1"]
[SourceVersionDate "2016.02.25"]
[SourceQuality "1"]

1. Nf3 Nf6 2. c4 e6 3. Nc3 Bb4 4. Qc2 0-0 5. a3 Bxc3 6. Qxc3 c5 7. b4 b6 8. Bb2 d6 9. e3 Bb7 10. Be2 Nbd7 11. 0-0 Qe7 12. d4 Rfc8 13. Rfd1 a5 14. dxc5 bxc5 15. bxa5 Ra6 16. Nd2 e5 17. f3 Rca8 18. Nb3 Bc6 19. a4 Rb8 20. Ra3 Rb4 21. Rda1 Nb8 22. Qd2 Bd7 23. Bc3 Rb7 24. Rd1 h6 25. Bf1 Be6 26. Na1 Qe8 27. Nc2 Nc6 28. Raa1 Bf5 29. Na3 Rd7 30. e4 Be6 31. Rdb1 Nd4 32. Nc2 Rda7 33. Ne3 Nd7 34. Nd5 Nb8 35. f4 f6 36. f5 Bf7 37. Bxd4 exd4 38. Nxf6+ gxf6 39. Qxh6 Bh5 40. Ra3 Rg7 41. Rh3 Nd7 42. Rxh5 Qxe4 43. Qh8+ Kf7 44. Rh7 Rxh7 45. Qxh7+ Ke8 46. Qg8+ Ke7 47. Rb3 Ra8 48. Qh7+ Kd8 49. Rg3 Kc7 50. h4 Rd8 51. h5 Qe1 52. Rb3 Qd1 53. Rd3 Qc1 54. Qf7 Rb8 55. a6 Rb1 56. Rf3 Ra1 57. Qd5 Qb1 58. a7 1-0

[Event "Maravilhosa-ch op"]
[Site "Maravilhosa"]
[Date "2016.01.23"]
[Round "4"]
[White "Fernando, Diogo"]
[Black "Santos, Marcus Vinicius M"]
[Result "0-1"]
[WhiteElo "2475"]
[BlackElo "2367"]
[PlyCount "122"]
[EventDate "2016.01.22"]
[EventType "swiss"]
[EventRounds "6"]
[EventCountry "BRA"]
[SourceTitle "CBM 170 Extra"]
[Source "ChessBase"]
[SourceDate "2016.02.25"]
[SourceVersion "1"]
[SourceVersionDate "2016.02.25"]
[SourceQuality "1"]

1. e4 g6 2. d4 Bg7 3. Nc3 d6 4. Nge2 Nd7 5. g3 c5 6. Bg2 Rb8 7. 0-0 b6 8. Be3 Ngf6 9. h3 0-0 10. Qd2 cxd4 11. Nxd4 Bb7 12. Bh6 a6 13. Bxg7 Kxg7 14. Rfe1 e6 15. Rad1 b5 16. a3 Qb6 17. Nf3 Ne5 18. Nxe5 dxe5 19. Qd6 Qxd6 20. Rxd6 Rfc8 21. f3 Kf8 22. Red1 Ke7 23. R6d2 Rc7 24. Na2 Rbc8 25. c3 Nd7 26. Nb4 Nc5 27. Re1 a5 28. Nc2 Bc6 29. Bf1 Na4 30. Ne3 Rd7 31. Red1 Rxd2 32. Rxd2 f5 33. Nd1 Nc5 34. Nf2 Rb8 35. b4 axb4 36. cxb4 Nb3 37. Rc2 Nd4 38. Rc3 Rf8 39. Kg2 Kd6 40. g4 h5 41. g5 h4 42. Re3 Rh8 43. Nd3 fxe4 44. fxe4 Rh5 45. Be2 Nxe2 46. Rxe2 Rxg5+ 47. Kf2 Rg3 48. Re3 Bxe4 49. Rxe4 Rxd3 50. Rxh4 Rxa3 51. Rh6 Rb3 52. h4 Rxb4 53. Kg3 Rb1 54. Kg2 b4 55. Rxg6 b3 56. Rg8 Kc7 57. Rg3 b2 58. Rb3 Kd6 59. h5 Ke7 60. h6 Kf7 61. Rb7+ Kg8 0-1

[Event "Pardubice Czech op-A 24th"]
[Site "Pardubice"]
[Date "2013.07.25"]
[Round "7"]
[White "Fernando, Diogo"]
[Black "Gonda, Laszlo"]
[Result "0-1"]
[WhiteElo "2465"]
[BlackElo "2538"]
[PlyCount "76"]
[EventDate "2013.07.19"]
[EventType "swiss"]
[EventRounds "9"]
[EventCountry "CZE"]
[SourceTitle "CBM 155 Extra"]
[Source "ChessBase"]
[SourceDate "2013.08.26"]
[SourceVersion "1"]
[SourceVersionDate "2013.08.26"]
[SourceQuality "1"]

1. e4 e5 2. Nf3 Nc6 3. Bb5 a6 4. Ba4 Nf6 5. 0-0 Be7 6. Re1 b5 7. Bb3 d6 8. c3 0-0 9. h3 Na5 10. Bc2 c5 11. d4 Nd7 12. Kh1 Re8 13. d5 Nf8 14. Nbd2 Ng6 15. b3 Rf8 16. Nf1 f5 17. exf5 Bxf5 18. Bxf5 Rxf5 19. Ng3 Rf7 20. Ne4 h6 21. Be3 Qd7 22. Nfd2 Nh4 23. a4 Qb7 24. axb5 axb5 25. b4 cxb4 26. cxb4 Nc4 27. Rxa8+ Qxa8 28. Nxc4 bxc4 29. Re2 Nf5 30. Qd2 Rf8 31. Nc3 Nxe3 32. fxe3 Rf1+ 33. Kh2 Qa1 34. Qb2 Rh1+ 35. Kg3 Qf1 36. Qc2 Qf6 37. Qe4 h5 38. Qf3 Qh4# 0-1

[Event "Pardubice Czech op-A 24th"]
[Site "Pardubice"]
[Date "2013.07.23"]
[Round "5"]
[White "Fernando, Diogo"]
[Black "Bernasek, Jan"]
[Result "1-0"]
[WhiteElo "2465"]
[BlackElo "2551"]
[PlyCount "83"]
[EventDate "2013.07.19"]
[EventType "swiss"]
[EventRounds "9"]
[EventCountry "CZE"]
[SourceTitle "CBM 155 Extra"]
[Source "ChessBase"]
[SourceDate "2013.08.26"]
[SourceVersion "1"]
[SourceVersionDate "2013.08.26"]
[SourceQuality "1"]

1. e4 c5 2. Nc3 d6 3. Nf3 Nf6 4. d4 cxd4 5. Nxd4 a6 6. Be3 e5 7. Nf3 Be7 8. Bc4 0-0 9. 0-0 h6 10. Bb3 Be6 11. Qe2 Qc7 12. Rfd1 Nbd7 13. Nh4 Rfe8 14. Nf5 Bf8 15. f3 Nb6 16. Bxb6 Qxb6+ 17. Ne3 Rac8 18. Kh1 h5 19. Ncd5 Nxd5 20. Nxd5 Qa5 21. Rd3 Rc6 22. Rad1 Be7 23. Qe3 Qc5 24. Qd2 Bd8 25. Ba4 Bd7 26. b4 Qa7 27. Bxc6 bxc6 28. Ne3 Bg5 29. Rxd6 Be6 30. Re1 Bxa2 31. Qc3 Be6 32. Rxc6 Rd8 33. Rc5 Be7 34. Rc7 Bxb4 35. Rxa7 Bxc3 36. Rd1 Rc8 37. Nd5 Bxd5 38. exd5 Bd4 39. Rxa6 Rxc2 40. Ra8+ Kh7 41. d6 h4 42. h3 1-0

[Event "POR-chT"]
[Site "Porto"]
[Date "2012.07.25"]
[Round "5.5"]
[White "Kolosowski, Mateusz"]
[Black "Fernando, Diogo"]
[Result "1/2-1/2"]
[WhiteElo "2413"]
[BlackElo "2469"]
[PlyCount "135"]
[EventDate "2012.07.21"]
[EventType "team-tourn"]
[EventRounds "9"]
[EventCountry "POR"]
[SourceTitle "CBM 149 Extra"]
[Source "ChessBase"]
[SourceDate "2012.08.24"]
[SourceVersion "1"]
[SourceVersionDate "2012.08.24"]
[SourceQuality "1"]
[WhiteTeam "Coimbra"]
[BlackTeam "Vale de Cambra"]
[WhiteTeamCountry "POR"]
[BlackTeamCountry "POR"]

1. d4 Nf6 2. c4 e6 3. g3 c5 4. Nf3 cxd4 5. Nxd4 Bb4+ 6. Bd2 Qb6 7. Bxb4 Qxb4+ 8. Nc3 0-0 9. Qb3 Qa5 10. Bg2 Nc6 11. Rd1 d5 12. cxd5 Nxd5 13. Bxd5 exd5 14. Qxd5 Qb4 15. Rd2 Bh3 16. Qb5 Qe7 17. Nf5 Qe6 18. Ne3 Rad8 19. Ncd5 Qe4 20. f3 Qb1+ 21. Rd1 Qxa2 22. g4 a6 23. Qxb7 Ne5 24. Qc7 Rxd5 25. Rxd5 Ng6 26. Kf2 Qxb2 27. Rd8 h6 28. Rxf8+ Nxf8 29. Qg3 Ne6 30. Qxh3 Nf4 31. Qf1 Nd3+ 32. Kg3 Nf4 33. Kxf4 Qb8+ 34. Ke4 Qb4+ 35. Kd3 Qb3+ 36. Kd2 Qb4+ 37. Kc2 Qa4+ 38. Kc1 Qa3+ 39. Kd1 Qa1+ 40. Kd2 Qa5+ 41. Kd3 Qa3+ 42. Kd4 Qb2+ 43. Kc4 Qb5+ 44. Kc3 Qa5+ 45. Kb3 Qb5+ 46. Kc2 Qa4+ 47. Kb2 Qb4+ 48. Ka2 Qa4+ 49. Kb1 Qb3+ 50. Kc1 Qa3+ 51. Kd2 Qa5+ 52. Kd3 Qa3+ 53. Kd4 Qb2+ 54. Ke4 Qb4+ 55. Nc4 Qxc4+ 56. Ke3 Qc5+ 57. Kd2 Qb4+ 58. Kc1 Qa3+ 59. Kd1 Qa1+ 60. Kd2 Qa5+ 61. Kd3 Qa3+ 62. Ke4 Qb4+ 63. Ke3 Qc5+ 64. Kd2 Qb4+ 65. Kd3 Qa3+ 66. Kc2 Qa2+ 67. Kd1 Qb1+ 68. Kd2 1/2-1/2

[Event "POR SuperCup"]
[Site "Porto"]
[Date "2011.10.29"]
[Round "1.3"]
[White "Pena Gomez, Manuel"]
[Black "Fernando, Diogo"]
[Result "1/2-1/2"]
[WhiteElo "2406"]
[BlackElo "2467"]
[PlyCount "87"]
[EventDate "2011.10.29"]
[EventType "team-match"]
[EventRounds "1"]
[EventCountry "POR"]
[SourceTitle "EXT 2015"]
[Source "ChessBase"]
[SourceDate "2014.11.20"]
[SourceVersion "1"]
[SourceVersionDate "2014.11.20"]
[SourceQuality "1"]
[WhiteTeam "Gaia"]
[BlackTeam "Vale de Cambra"]
[WhiteTeamCountry "POR"]
[BlackTeamCountry "POR"]

1. c4 c6 2. Nf3 d5 3. g3 Nf6 4. Bg2 dxc4 5. 0-0 Nbd7 6. a4 Nc5 7. b4 Nb3 8. Ra2 Bf5 9. Ba3 e6 10. d3 Be7 11. e4 Bg6 12. e5 Ng4 13. dxc4 Qxd1 14. Rxd1 0-0 15. Rb2 Rfd8 16. Rxd8+ Rxd8 17. Rxb3 Rd1+ 18. Bf1 Bxb1 19. h3 Nh6 20. a5 Nf5 21. g4 Nh4 22. Nxh4 Bxh4 23. b5 cxb5 24. cxb5 Bd8 25. a6 bxa6 26. bxa6 Bb6 27. Rc3 h6 28. Rc1 Rxc1 29. Bxc1 Bd4 30. Bf4 g5 31. Bg3 Kf8 32. Bb5 Be4 33. Kf1 Bf3 34. Be2 Bc6 35. f4 Be3 36. fxg5 hxg5 37. h4 gxh4 38. Bxh4 Ke8 39. Bc4 Kd7 40. Ke2 Bd4 41. Bf6 Be4 42. Bb5+ Kc7 43. Kd2 Kb6 44. Be2 1/2-1/2

[Event "POR-chT"]
[Site "Torres Vedras"]
[Date "2011.07.31"]
[Round "9.2"]
[White "Ftacnik, Lubomir"]
[Black "Fernando, Diogo"]
[Result "1-0"]
[WhiteElo "2556"]
[BlackElo "2467"]
[PlyCount "78"]
[EventDate "2011.07.23"]
[EventType "team-swiss"]
[EventRounds "9"]
[EventCountry "POR"]
[SourceTitle "CBM 143 Extra"]
[Source "ChessBase"]
[SourceDate "2011.08.29"]
[SourceVersion "1"]
[SourceVersionDate "2011.08.29"]
[SourceQuality "1"]
[WhiteTeam "Gaia"]
[BlackTeam "Vale de Cambra"]
[WhiteTeamCountry "POR"]
[BlackTeamCountry "POR"]

1. Nf3 Nf6 2. c4 c6 3. Nc3 d5 4. e3 a6 5. Qc2 g6 6. b3 Bg7 7. Bb2 0-0 8. Be2 Re8 9. d3 e5 10. e4 d4 11. Na4 c5 12. a3 Bf8 13. b4 cxb4 14. c5 Nbd7 15. Nd2 b5 16. cxb6 Nxb6 17. Nc5 bxa3 18. Bxa3 Nfd7 19. Ncb3 Bxa3 20. Rxa3 Ra7 21. 0-0 Rc7 22. Qb2 Nc5 23. Nxc5 Rxc5 24. f4 exf4 25. Nf3 Rc3 26. Rxc3 dxc3 27. Qxc3 Na4 28. Qc1 Qd6 29. d4 Bb7 30. e5 Qb6 31. Qxf4 Nc3 32. Bc4 Qe6 33. Bxe6 Ne2+ 34. Kf2 Nxf4 35. Bb3 Rb8 36. Ng5 Bxg2 37. Bxf7+ Kg7 38. Ra1 Rb2+ 39. Ke3 h6 1-0

[Event "POR-chT"]
[Site "Torres Vedras"]
[Date "2011.07.29"]
[Round "7.3"]
[White "Leite Oralova, Catarina"]
[Black "Fernando, Diogo"]
[Result "1/2-1/2"]
[WhiteElo "2165"]
[BlackElo "2467"]
[PlyCount "78"]
[EventDate "2011.07.23"]
[EventType "team-swiss"]
[EventRounds "9"]
[EventCountry "POR"]
[SourceTitle "CBM 143 Extra"]
[Source "ChessBase"]
[SourceDate "2011.08.29"]
[SourceVersion "1"]
[SourceVersionDate "2011.08.29"]
[SourceQuality "1"]
[WhiteTeam "Mata de Benfica"]
[BlackTeam "Vale de Cambra"]
[WhiteTeamCountry "POR"]
[BlackTeamCountry "POR"]

1. e4 c6 2. d4 d5 3. exd5 cxd5 4. Bd3 Nc6 5. c3 Qc7 6. Qf3 Nxd4 7. Qxd5 e5 8. Nf3 Ne7 9. Bb5+ Nxb5 10. Qxb5+ Nc6 11. 0-0 Bd6 12. Nbd2 0-0 13. Nc4 a6 14. Qd5 Rd8 15. Nxd6 Rxd6 16. Qc4 Be6 17. Qe2 Bf5 18. Re1 Bd3 19. Qe3 Rad8 20. b3 e4 21. Ba3 Rh6 22. Rad1 Qb8 23. h3 exf3 24. Rxd3 Re6 25. Rxd8+ Qxd8 26. Qc1 Rxe1+ 27. Qxe1 fxg2 28. Qe4 h6 29. Bc5 Qg5 30. Be3 Qh5 31. Kxg2 f5 32. Qf3 Qg6+ 33. Kh2 Qe6 34. Kg2 Kh7 35. c4 Qg6+ 36. Qg3 Qe6 37. Qf3 Qg6+ 38. Qg3 Qe6 39. Qf3 Qg6+ 1/2-1/2

[Event "POR Cup"]
[Site "Matosinhos"]
[Date "2011.05.29"]
[Round "2.3"]
[White "Araujo, Luis Antonio"]
[Black "Fernando, Diogo"]
[Result "0-1"]
[WhiteElo "1941"]
[BlackElo "2460"]
[PlyCount "90"]
[EventDate "2011.05.28"]
[EventType "team-k.o."]
[EventRounds "2"]
[EventCountry "POR"]
[SourceTitle "CBM 142 Extra"]
[Source "ChessBase"]
[SourceDate "2011.06.27"]
[SourceVersion "1"]
[SourceVersionDate "2011.06.27"]
[SourceQuality "1"]
[WhiteTeam "Porto Moto"]
[BlackTeam "Vale de Cambra"]
[WhiteTeamCountry "POR"]
[BlackTeamCountry "POR"]

1. d4 Nf6 2. c4 d6 3. Nc3 Nbd7 4. Nf3 e5 5. e4 Be7 6. Be2 0-0 7. 0-0 c6 8. Re1 a6 9. a4 a5 10. h3 Re8 11. d5 Nc5 12. Qc2 Nfd7 13. Be3 Na6 14. Rad1 Qc7 15. b3 Ndc5 16. Na2 Rf8 17. g4 Kh8 18. Kh2 Bd7 19. Rg1 Rac8 20. Nd2 Qd8 21. Qb1 Bg5 22. Rg3 Qf6 23. Rf3 Qh6 24. Rg1 f6 25. Nf1 Bf4+ 26. Kg2 Rce8 27. Ng3 g6 28. Bd3 Nxd3 29. Qxd3 Nc5 30. Bxc5 dxc5 31. Nc3 Rd8 32. Nce2 Bg5 33. Qc3 Bd2 34. Qb2 cxd5 35. cxd5 b6 36. Rd1 Bg5 37. Nf1 Qg7 38. Neg3 h5 39. gxh5 gxh5 40. h4 Bf4 41. Ne3 Rg8 42. Nef5 Bxf5 43. exf5 Qg4 44. Qc2 Bh6 45. Kf1 Qxf3 0-1

[Event "Olympiad-39"]
[Site "Khanty-Mansiysk"]
[Date "2010.10.01"]
[Round "10.1"]
[White "Potapov, Pavel"]
[Black "Fernando, Diogo"]
[Result "1-0"]
[WhiteElo "2464"]
[BlackElo "2475"]
[PlyCount "65"]
[EventDate "2010.09.21"]
[EventType "team-swiss"]
[EventRounds "11"]
[EventCountry "RUS"]
[SourceTitle "CBM 139"]
[Source "ChessBase"]
[SourceDate "2010.11.18"]
[SourceVersion "1"]
[SourceVersionDate "2010.11.18"]
[SourceQuality "1"]
[WhiteTeam "Russia V"]
[BlackTeam "Portugal"]
[WhiteTeamCountry "RUS"]
[BlackTeamCountry "POR"]

1. e4 c5 2. c3 Nf6 3. e5 Nd5 4. Nf3 e6 5. d4 cxd4 6. cxd4 b6 7. Nc3 Nxc3 8. bxc3 Qc7 9. Bd2 Bb7 10. Bd3 d6 11. 0-0 Nd7 12. Ng5 dxe5 13. Qh5 g6 14. Qh3 Be7 15. Qh6 Rf8 16. Qxh7 0-0-0 17. Nxf7 Rde8 18. Bb5 a6 19. Bxd7+ Qxd7 20. Nxe5 Qd5 21. Qh3 Rf5 22. Be3 Bf6 23. Qg3 Rh5 24. c4 Qe4 25. Rfe1 Bxe5 26. dxe5 Reh8 27. f3 Qc6 28. h3 g5 29. Rab1 Qa4 30. Rxb6 Qxa2 31. Qg4 Kb8 32. Reb1 R5h7 33. Qe4 1-0

[Event "Olympiad-39"]
[Site "Khanty-Mansiysk"]
[Date "2010.09.28"]
[Round "7.2"]
[White "Fernando, Diogo"]
[Black "Polaczek, Richard"]
[Result "1/2-1/2"]
[WhiteElo "2475"]
[BlackElo "2385"]
[PlyCount "41"]
[EventDate "2010.09.21"]
[EventType "team-swiss"]
[EventRounds "11"]
[EventCountry "RUS"]
[SourceTitle "CBM 139"]
[Source "ChessBase"]
[SourceDate "2010.11.18"]
[SourceVersion "1"]
[SourceVersionDate "2010.11.18"]
[SourceQuality "1"]
[WhiteTeam "Portugal"]
[BlackTeam "Belgium"]
[WhiteTeamCountry "POR"]
[BlackTeamCountry "BEL"]

1. c4 e6 2. d4 Nf6 3. Nf3 c5 4. g3 cxd4 5. Nxd4 a6 6. Bg2 Qc7 7. 0-0 Qxc4 8. Nc3 Nc6 9. Nb3 d5 10. Bf4 Qb4 11. Rc1 Be7 12. Bc7 Bd8 13. a3 Qe7 14. Bf4 Bc7 15. Bxc7 Qxc7 16. e4 0-0 17. exd5 Rd8 18. Re1 exd5 19. Nxd5 Nxd5 20. Qxd5 Bh3 21. Qc5 1/2-1/2

[Event "Olympiad-39"]
[Site "Khanty-Mansiysk"]
[Date "2010.09.25"]
[Round "5.1"]
[White "Mehmeti, Dritan"]
[Black "Fernando, Diogo"]
[Result "1-0"]
[WhiteElo "2415"]
[BlackElo "2475"]
[PlyCount "165"]
[EventDate "2010.09.21"]
[EventType "team-swiss"]
[EventRounds "11"]
[EventCountry "RUS"]
[SourceTitle "CBM 139"]
[Source "ChessBase"]
[SourceDate "2010.11.18"]
[SourceVersion "1"]
[SourceVersionDate "2010.11.18"]
[SourceQuality "1"]
[WhiteTeam "Albania"]
[BlackTeam "Portugal"]
[WhiteTeamCountry "ALB"]
[BlackTeamCountry "POR"]

1. d4 Nf6 2. Bg5 d5 3. Nd2 c6 4. e3 Bg4 5. Ngf3 Nbd7 6. h3 Bf5 7. c4 e6 8. Be2 Bd6 9. 0-0 h6 10. Bf4 Bxf4 11. exf4 dxc4 12. Nxc4 Nb6 13. Ne3 0-0 14. Nxf5 exf5 15. g3 Qd6 16. Re1 Rad8 17. Qc2 g6 18. a3 Kg7 19. b4 Nbd5 20. Qc5 Ne4 21. Qxd6 Nxd6 22. Bd3 Rfe8 23. Kf1 Rxe1+ 24. Rxe1 Ra8 25. Re5 Rd8 26. Re1 f6 27. Nd2 Kf7 28. Nb3 Nb5 29. Bxb5 cxb5 30. Rc1 b6 31. Ke2 Ke6 32. Kd3 Kd6 33. h4 Ra8 34. Rc2 g5 35. fxg5 fxg5 36. hxg5 hxg5 37. Rc1 Rh8 38. Nd2 Rh2 39. Ke2 g4 40. Rc8 Ne7 41. Rd8+ Kc7 42. Rf8 Rh1 43. Nf1 a5 44. Rf7 Kd7 45. Rf6 a4 46. Ne3 Ra1 47. Rxb6 Nc6 48. Nxf5 Rxa3 49. Rxb5 Rb3 50. d5 Nxb4 51. Rb7+ Kd8 52. Nd4 Rb2+ 53. Kf1 Kc8 54. Ra7 Nd3 55. d6 Ne5 56. Rxa4 Kd7 57. Ra7+ Kxd6 58. Nf5+ Ke6 59. Ne3 Rb1+ 60. Kg2 Rb4 61. Ra6+ Kf7 62. Rf6+ Kxf6 63. Nd5+ Kf5 64. Nxb4 Ke4 65. Nc2 Nd7 66. Kf1 Ne5 67. Ke2 Nf3 68. Ne3 Ne5 69. Nf1 Kd4 70. Nh2 Ke4 71. Ke1 Kd3 72. Kd1 Kd4 73. Kd2 Ke4 74. Ke2 Kd4 75. Kf1 Ke4 76. Kg2 Kd4 77. f4 Ng6 78. Nxg4 Ke4 79. Nf2+ Ke3 80. Nh3 Ke4 81. Kf2 Nf8 82. Ng5+ Kd4 83. Kf3 1-0

[Event "POR-chT 52nd"]
[Site "Vila Nova de Gaia"]
[Date "2010.07.25"]
[Round "2.2"]
[White "Vasques, Antonio Pedro Freix"]
[Black "Fernando, Diogo"]
[Result "1-0"]
[WhiteElo "2110"]
[BlackElo "2484"]
[PlyCount "73"]
[EventDate "2010.07.24"]
[EventType "team-tourn"]
[EventRounds "9"]
[EventCountry "POR"]
[SourceTitle "EXT 2011"]
[Source "ChessBase"]
[SourceDate "2010.11.26"]
[SourceVersion "1"]
[SourceVersionDate "2010.11.26"]
[SourceQuality "1"]
[WhiteTeam "Santoantoniense"]
[BlackTeam "Vale de Cambra"]
[WhiteTeamCountry "POR"]
[BlackTeamCountry "POR"]

1. e4 c5 2. Nf3 d6 3. d4 cxd4 4. Nxd4 Nc6 5. Nc3 e5 6. Ndb5 a6 7. Na3 b5 8. Nd5 Nf6 9. Bg5 Be7 10. Bxf6 Bxf6 11. c4 b4 12. Nc2 Rb8 13. g3 0-0 14. b3 Be6 15. Nce3 Nd4 16. h4 a5 17. Bh3 Kh8 18. Kf1 Qc8 19. Kg2 Bd8 20. Rb1 Bb6 21. Qh5 Qd8 22. Bf5 g6 23. Qh6 Rg8 24. Bg4 Qf8 25. Qxf8 Rgxf8 26. h5 Kg7 27. h6+ Kh8 28. Nf6 Rb7 29. f3 Ra8 30. Ned5 Bc5 31. Rb2 a4 32. f4 axb3 33. axb3 Ra3 34. f5 gxf5 35. Rh5 Bxd5 36. Rg5 Bxe4+ 37. Bf3 1-0

[Event "POR CupT final"]
[Site "Gaia"]
[Date "2010.07.11"]
[Round "2.1"]
[White "Fernando, Diogo"]
[Black "Fernandes, Antonio ETG"]
[Result "1/2-1/2"]
[WhiteElo "2496"]
[BlackElo "2410"]
[PlyCount "107"]
[EventDate "2010.07.10"]
[EventType "team-k.o."]
[EventRounds "7"]
[EventCountry "POR"]
[SourceTitle "EXT 2018"]
[Source "ChessBase"]
[SourceDate "2017.10.13"]
[SourceVersion "1"]
[SourceVersionDate "2017.10.13"]
[SourceQuality "1"]
[WhiteTeam "Vale de Cambra"]
[BlackTeam "Diana"]
[WhiteTeamCountry "POR"]
[BlackTeamCountry "POR"]

1. c4 Nf6 2. Nc3 e5 3. Nf3 Nc6 4. g3 d6 5. Bg2 g6 6. 0-0 Bg7 7. d3 0-0 8. Rb1 a5 9. a3 h6 10. b4 axb4 11. axb4 Be6 12. b5 Ne7 13. Bb2 Nd7 14. Nd2 c6 15. Ra1 Qc7 16. Qc2 Rfb8 17. Rfc1 Nc8 18. Nb3 Ncb6 19. Qd1 Bf8 20. h4 Rxa1 21. Bxa1 Rc8 22. Bb2 Qd8 23. Na5 cxb5 24. Nxb7 Qe7 25. Nxb5 d5 26. N7d6 Rb8 27. c5 Nc8 28. Nxc8 Rxc8 29. c6 Nc5 30. d4 Ne4 31. Bxe4 dxe4 32. d5 Qb4 33. dxe6 Qxb5 34. exf7+ Kg7 35. Qc2 Qd5 36. e3 Kxf7 37. Qa4 Bd6 38. Kg2 h5 39. Rc4 Ke6 40. Qc2 Qd3 41. Qc1 Rc7 42. Rc2 Qb5 43. Rc3 Kd5 44. Qd1+ Ke6 45. Qc2 Qd5 46. Kh2 Bb4 47. Rc4 Qd3 48. Kg2 Qxc2 49. Rxc2 Kd5 50. g4 Bd6 51. Rd2+ Kxc6 52. Rc2+ Kd5 53. Rd2+ Kc6 54. Rc2+ 1/2-1/2

[Event "Joao Pessoa"]
[Site "Joao Pessoa"]
[Date "2009.11.03"]
[Round "7"]
[White "Pinto, Carlos Henrique Lop"]
[Black "Fernando, Diogo"]
[Result "0-1"]
[WhiteElo "2071"]
[BlackElo "2488"]
[PlyCount "74"]
[EventDate "2009.10.30"]
[EventType "tourn"]
[EventRounds "9"]
[EventCountry "BRA"]
[EventCategory "2"]
[SourceTitle "CBM 133 Extra"]
[Source "ChessBase"]
[SourceDate "2010.01.05"]
[SourceVersion "1"]
[SourceVersionDate "2010.01.05"]
[SourceQuality "1"]

1. f4 c5 2. Nf3 Nc6 3. g3 g6 4. Bg2 Bg7 5. 0-0 d6 6. d3 e6 7. c3 Nge7 8. Qe1 0-0 9. e4 Rb8 10. Be3 b6 11. Qf2 Qd7 12. Rd1 f5 13. Na3 Bb7 14. Qc2 h6 15. Qa4 a6 16. Rd2 b5 17. Qc2 Kh7 18. Re1 Rbc8 19. Qd1 Qc7 20. Bf2 e5 21. fxe5 Nxe5 22. exf5 Nxf5 23. Nxe5 dxe5 24. Be4 Nd6 25. Qg4 Nxe4 26. dxe4 Rcd8 27. Red1 Bc8 28. Qe2 Rxd2 29. Rxd2 Bh3 30. Nc2 h5 31. Ne3 c4 32. Rd5 Bh6 33. Rd1 Qb7 34. Rd5 Qf7 35. Rxe5 Qxf2+ 36. Qxf2 Bxe3 37. Rf5 Rxf5 0-1

[Event "Joao Pessoa"]
[Site "Joao Pessoa"]
[Date "2009.11.01"]
[Round "4"]
[White "Fernando, Diogo"]
[Black "Rodi, Luis Ernesto"]
[Result "0-1"]
[WhiteElo "2488"]
[BlackElo "2357"]
[PlyCount "98"]
[EventDate "2009.10.30"]
[EventType "tourn"]
[EventRounds "9"]
[EventCountry "BRA"]
[EventCategory "2"]
[SourceTitle "CBM 133 Extra"]
[Source "ChessBase"]
[SourceDate "2010.01.05"]
[SourceVersion "1"]
[SourceVersionDate "2010.01.05"]
[SourceQuality "1"]

1. c4 g6 2. Nc3 Bg7 3. d4 d6 4. e4 e5 5. Nf3 Nc6 6. d5 Nce7 7. Be2 f5 8. Ng5 Nf6 9. exf5 Nxf5 10. 0-0 0-0 11. Nce4 h6 12. Nxf6+ Qxf6 13. Ne4 Qh4 14. Bd3 Nd4 15. Be3 Bf5 16. f3 b6 17. Qd2 Kh7 18. Bf2 Qe7 19. Rae1 Qf7 20. Be3 Bd7 21. f4 exf4 22. Bxf4 Qg8 23. Ng3 Rae8 24. Rxe8 Bxe8 25. Nh5 Nf5 26. Nxg7 Qxg7 27. Kh1 Bd7 28. g4 Nd4 29. Qg2 Kg8 30. h3 g5 31. Be3 Rxf1+ 32. Qxf1 c5 33. Bg1 Qf7 34. Bh2 Qe7 35. Bg6 Be8 36. Bb1 h5 37. Qd3 hxg4 38. hxg4 Kf8 39. Qg3 Kg8 40. Qd3 Kf8 41. Bg3 a6 42. Kh2 b5 43. b3 Qf6 44. Kg2 Ke7 45. Qh7+ Bf7 46. Qe4+ Kd8 47. Bd3 b4 48. Bf2 Kc7 49. Qf3 Qxf3+ 0-1

[Event "Natal"]
[Site "Natal"]
[Date "2009.11.??"]
[Round "9"]
[White "Fernando, Diogo"]
[Black "Barreto Filho, Carlos Alberto"]
[Result "1/2-1/2"]
[WhiteElo "2488"]
[BlackElo "2257"]
[PlyCount "21"]
[EventDate "2009.11.??"]
[EventType "tourn"]
[EventRounds "9"]
[EventCountry "BRA"]
[EventCategory "1"]
[SourceTitle "CBM 133 Extra"]
[Source "ChessBase"]
[SourceDate "2010.01.05"]
[SourceVersion "1"]
[SourceVersionDate "2010.01.05"]
[SourceQuality "1"]

1. d4 d5 2. c4 c6 3. Nf3 Nf6 4. cxd5 cxd5 5. Nc3 Nc6 6. Bf4 a6 7. e3 Bf5 8. Bd3 Bxd3 9. Qxd3 e6 10. a3 Bd6 11. Bxd6 1/2-1/2

[Event "Natal"]
[Site "Natal"]
[Date "2009.11.??"]
[Round "2"]
[White "Fernando, Diogo"]
[Black "Macedo, Maximo Valerio"]
[Result "1-0"]
[WhiteElo "2488"]
[BlackElo "2120"]
[PlyCount "48"]
[EventDate "2009.11.??"]
[EventType "tourn"]
[EventRounds "9"]
[EventCountry "BRA"]
[EventCategory "1"]
[SourceTitle "CBM 133 Extra"]
[Source "ChessBase"]
[SourceDate "2010.01.05"]
[SourceVersion "1"]
[SourceVersionDate "2010.01.05"]
[SourceQuality "1"]

1. e4 e5 2. Nf3 Nc6 3. Bb5 a6 4. Ba4 Nf6 5. Qe2 Be7 6. 0-0 b5 7. Bb3 d6 8. c3 Bg4 9. h3 Bh5 10. d3 Qd7 11. Nbd2 h6 12. Rd1 g5 13. Nf1 g4 14. hxg4 Bxg4 15. a4 Rb8 16. axb5 axb5 17. d4 Qc8 18. Ng3 h5 19. Bd5 Nd8 20. dxe5 dxe5 21. Nf5 Bc5 22. Be3 Bxe3 23. Qxe3 Bxf5 24. exf5 Nxd5 1-0

[Event "Natal"]
[Site "Natal"]
[Date "2009.11.??"]
[Round "8"]
[White "Macedo, Maximo Iack Miranda"]
[Black "Fernando, Diogo"]
[Result "0-1"]
[WhiteElo "2304"]
[BlackElo "2488"]
[PlyCount "68"]
[EventDate "2009.11.??"]
[EventType "tourn"]
[EventRounds "9"]
[EventCountry "BRA"]
[EventCategory "1"]
[SourceTitle "CBM 133 Extra"]
[Source "ChessBase"]
[SourceDate "2010.01.05"]
[SourceVersion "1"]
[SourceVersionDate "2010.01.05"]
[SourceQuality "1"]

1. d4 Nf6 2. Nf3 e6 3. c4 b6 4. g3 Ba6 5. b3 Bb7 6. Bg2 Bb4+ 7. Bd2 a5 8. 0-0 0-0 9. Bc1 a4 10. a3 axb3 11. Bb2 Be7 12. Qxb3 Nc6 13. Qc2 Na5 14. Nbd2 d5 15. Ne5 c5 16. Rfd1 Rc8 17. dxc5 Bxc5 18. Rac1 Qe7 19. Qb1 Rfd8 20. Nd3 d4 21. Bxb7 Qxb7 22. Nf1 Qe4 23. Qc2 Bf8 24. f3 Qf5 25. Qa4 Nb7 26. Qa7 Nc5 27. g4 Qg5 28. Rc2 Nxd3 29. Rxd3 Bc5 30. Ng3 Qg6 31. Rcd2 e5 32. Qb7 Rb8 33. Qc6 Rdc8 34. Qa4 h5 0-1